AAA, BBB, CCC ... en 15 seconde - Statistiques

Statistiques générales
  • Ce quiz a été pris 1 149 fois
  • Le résultat moyen est 14 sur 26
Statistiques - réponses
Lettre à recopier 3 fois La réponse :) % Correct
aaa aaa
99%
eee eee
90%
bbb bbb
87%
ccc ccc
85%
ddd ddd
82%
fff fff
78%
ggg ggg
76%
hhh hhh
75%
iii iii
75%
jjj jjj
73%
kkk kkk
68%
lll lll
65%
mmm mmm
62%
ooo ooo
55%
ppp ppp
52%
nnn nnn
46%
rrr rrr
45%
qqq qqq
38%
ttt ttt
33%
uuu uuu
30%
sss sss
27%
zzz zzz
22%
vvv vvv
18%
yyy yyy
18%
www www
12%
xxx xxx
8%
Aucun quiz correspondant
Distribution des résultats
% des personnes avec chaque résultat
Percentile par nombre de réponses
Votre historique - résultats
Vous n’avez pas pris ce quiz